000 00983nam a2200241 i 4500
001 000548241
003 AM-YeHGA
005 20250618073115.0
008 070824s1989 ||| r 000 0 rus d
020 _a5713300935
040 _aAM-YeHGA
041 1 _arus
_hger
100 1 _aБёлль, Генрих
_d1917-1985.
245 1 0 _aЖенщины у берега Рейна :
_bРоман в диалогах и монологах /
_cГенрих Бёлль; Перевод с нем. Н. Бунина, Е. Григорьева; Предисл. Т. Мотылевой.
246 1 5 _aFrauen vor Flublandschaft
260 _aМосква :
_bМеждунар. отношения,
_c1989.
300 _a172 с. :
_bпортр.
650 1 4 _aԳերմանական գրականություն
_95149
700 1 _aБунин, Н.
_eпер.
_4trl
700 1 _aГригорьев, Е.
_eпер.
_4trl
700 1 _aМотылева, Т.
_eавт. предисл.
_4aui
090 _c211106
999 _c209600
_d209600